000 00520nam a2200181Ia 4500
008 100920s9999 xx 000 0 und d
082 _b64649
_a24 थ 94
100 _aबापट मुकुंद.
245 _aमित्रा.
260 _bसूर्याक्षरविविधा, पुणे.
_c1994
300 _a186
_bसाधी
365 _b96
520 _aसायो.
630 _aमित्रा.
650 _aसायो.
730 _aमित्रा.
942 _cBOOK
999 _c707645
_d707642